[Event "MMM"]
[Site "Galaxy Gesia 22a - Krakow"]
[Date "2022.06.16"]
[Round "2.17"]
[White "Paprocki, Antoni"]
[Black "Smetek, Michal"]
[Result "1-0"]
[BlackElo "1805"]
[WhiteElo "1949"]
[LiveChessVersion "1.4.8"]

1. d4 {[%clk 1:30:57]} Nf6 {[%clk 1:30:49]} 2. c4 {[%clk 1:31:23]} e6
{[%clk 1:31:04]} 3. g3 {[%clk 1:31:46]} d5 {[%clk 1:31:21]} 4. Bg2
{[%clk 1:32:08]} Be7 {[%clk 1:30:34]} 5. Nf3 {[%clk 1:32:33]} O-O
{[%clk 1:30:59]} 6. O-O {[%clk 1:33:00]} c6 {[%clk 1:31:22]} 7. Nc3
{[%clk 1:33:06]} b6 {[%clk 1:30:24]} 8. Ne5 {[%clk 1:32:59]} Bb7 {[%clk 1:26:31]}
9. e4 {[%clk 1:33:08]} Nbd7 {[%clk 1:09:28]} 10. Nxc6 {[%clk 1:33:06]} Bxc6
{[%clk 1:07:49]} 11. exd5 {[%clk 1:33:27]} exd5 {[%clk 0:52:29]} 12. cxd5
{[%clk 1:33:49]} Bb7 {[%clk 0:51:26]} 13. d6 {[%clk 1:34:13]} Bxg2
{[%clk 0:50:57]} 14. dxe7 {[%clk 1:34:38]} Qxe7 {[%clk 0:51:23]} 15. Kxg2
{[%clk 1:35:01]} Rfd8 {[%clk 0:50:47]} 16. Re1 {[%clk 1:33:27]} Qb4
{[%clk 0:48:16]} 17. a3 {[%clk 1:30:17]} Qc4 {[%clk 0:48:06]} 18. Be3
{[%clk 1:29:12]} Ne5 {[%clk 0:42:02]} 19. Qa4 {[%clk 1:28:31]} Qxa4
{[%clk 0:40:24]} 20. Nxa4 {[%clk 1:28:58]} Nc4 {[%clk 0:35:27]} 21. b3
{[%clk 1:25:52]} Na5 {[%clk 0:34:17]} 22. b4 {[%clk 1:20:21]} Nc4
{[%clk 0:34:34]} 23. Rec1 {[%clk 1:18:35]} b5 {[%clk 0:26:52]} 24. Nc3
{[%clk 1:15:32]} Nxe3+ {[%clk 0:14:05]} 25. fxe3 {[%clk 1:15:52]} Rab8
{[%clk 0:08:46]} 26. Kf3 h5 {[%clk 0:08:48]} 27. Rd1 {[%clk 1:12:18]} Rd7
{[%clk 0:05:52]} 28. e4 {[%clk 1:10:56]} Rc7 {[%clk 0:04:15]} 29. Rac1
{[%clk 1:09:55]} a5 {[%clk 0:03:55]} 30. bxa5 {[%clk 1:00:47]} Ra7
{[%clk 0:02:45]} 31. e5 {[%clk 1:00:09]} Nd7 {[%clk 0:03:00]} 32. Nd5
{[%clk 0:58:21]} Rxa5 {[%clk 0:03:02]} 33. Rd3 {[%clk 0:58:41]} Kh7
{[%clk 0:01:30]} 34. Rc7 {[%clk 0:58:11]} Rd8 {[%clk 0:01:35]} 35. Ke4
{[%clk 0:56:40]} Nf8 {[%clk 0:01:03]} 36. Rxf7 {[%clk 0:55:23]} Ne6
{[%clk 0:01:28]} 37. h4 {[%clk 0:55:39]} Ra4 {[%clk 0:01:39]} 38. Nb4
{[%clk 0:55:33]} Raa8 {[%clk 0:01:07]} 39. Re7 {[%clk 0:55:49]} 1-0

[Event "MMM"]
[Site "Galaxy Gesia 22a - Krakow"]
[Date "2022.06.16"]
[Round "2.18"]
[White "Skrzypczynski, Kacper"]
[Black "Czarnecka, Lidia"]
[Result "1-0"]
[BlackElo "1940"]
[WhiteElo "1731"]
[LiveChessVersion "1.4.8"]

1. d4 {[%clk 1:30:58]} d5 {[%clk 1:30:46]} 2. Bf4 {[%clk 1:31:03]} Nf6
{[%clk 1:30:30]} 3. Nf3 {[%clk 1:31:17]} c5 {[%clk 1:30:40]} 4. c3
{[%clk 1:31:22]} Qb6 {[%clk 1:26:56]} 5. Qb3 {[%clk 1:30:22]} c4 {[%clk 1:26:02]}
6. Qc2 {[%clk 1:30:37]} Nc6 {[%clk 1:25:58]} 7. Nbd2 {[%clk 1:30:56]} g6
{[%clk 1:25:43]} 8. e4 {[%clk 1:26:00]} Qd8 {[%clk 1:11:55]} 9. Be5
{[%clk 1:24:46]} Nxe5 {[%clk 0:50:31]} 10. Nxe5 {[%clk 1:24:44]} e6
{[%clk 0:48:25]} 11. exd5 {[%clk 1:24:40]} exd5 {[%clk 0:48:53]} 12. O-O-O
{[%clk 1:22:55]} Be7 {[%clk 0:47:34]} 13. Qa4+ {[%clk 1:21:49]} Bd7
{[%clk 0:43:37]} 14. Nxd7 {[%clk 1:22:04]} Qxd7 {[%clk 0:43:52]} 15. Qxd7+
{[%clk 1:21:41]} Nxd7 {[%clk 0:43:45]} 16. Re1 {[%clk 1:21:37]} Kf8
{[%clk 0:43:20]} 17. g3 {[%clk 1:21:26]} Rd8 {[%clk 0:42:26]} 18. Bg2
{[%clk 1:21:39]} Nb6 {[%clk 0:42:45]} 19. Re2 {[%clk 1:21:42]} Bf6
{[%clk 0:42:15]} 20. Rhe1 {[%clk 1:22:02]} Kg7 {[%clk 0:42:38]} 21. f4
{[%clk 1:21:05]} h5 {[%clk 0:36:28]} 22. h4 {[%clk 1:21:14]} Na4 {[%clk 0:35:55]}
23. Nf1 {[%clk 1:20:40]} b5 {[%clk 0:35:42]} 24. Kc2 {[%clk 1:18:18]} Nb6
{[%clk 0:35:28]} 25. Nd2 {[%clk 1:17:48]} Rc8 {[%clk 0:34:24]} 26. Bh3
{[%clk 1:17:09]} Rcd8 {[%clk 0:32:46]} 27. Nf3 {[%clk 1:17:29]} a6
{[%clk 0:32:24]} 28. f5 {[%clk 1:17:47]} gxf5 {[%clk 0:21:33]} 29. Bxf5
{[%clk 1:18:10]} Nc8 {[%clk 0:21:57]} 30. Bxc8 {[%clk 1:17:54]} Rxc8
{[%clk 0:22:18]} 31. Ne5 {[%clk 1:18:14]} Rcd8 {[%clk 0:18:32]} 32. Rf2
{[%clk 1:16:45]} Rd6 {[%clk 0:17:55]} 33. Rf5 {[%clk 1:17:03]} Re8
{[%clk 0:14:32]} 34. Ref1 {[%clk 1:16:35]} Rde6 {[%clk 0:12:25]} 35. Kd2
{[%clk 1:16:45]} Kg8 {[%clk 0:11:14]} 36. Nd7 {[%clk 1:15:47]} Be7
{[%clk 0:09:55]} 37. Rxd5 {[%clk 1:15:37]} Re4 {[%clk 0:10:15]} 38. Re1
{[%clk 1:14:34]} Re6 39. Re4 {[%clk 1:14:47]} Rxe4 {[%clk 0:10:21]} 40. Re5
{[%clk 1:12:12]} Rxe5 {[%clk 0:10:42]} 41. dxe5 {[%clk 1:12:37]} Kg7
{[%clk 0:11:04]} 42. Ke3 {[%clk 1:13:01]} Kg6 {[%clk 0:11:31]} 43. Ke4
{[%clk 1:13:18]} Bd8 {[%clk 0:11:47]} 44. Nb8 {[%clk 1:13:04]} a5
{[%clk 0:12:10]} 45. Nc6 {[%clk 1:13:30]} Bb6 {[%clk 0:12:32]} 46. Nd4
{[%clk 1:12:33]} b4 {[%clk 0:12:50]} 47. Kd5 {[%clk 1:09:22]} Bxd4
{[%clk 0:12:13]} 48. Kxd4 {[%clk 1:09:43]} Kf5 {[%clk 0:12:21]} 49. Kxc4
{[%clk 1:09:10]} 1-0

[Event "MMM"]
[Site "Galaxy Gesia 22a - Krakow"]
[Date "2022.06.16"]
[Round "2.19"]
[White "Maj, Samuel"]
[Black "Matei, Adrian"]
[Result "1-0"]
[BlackElo "1792"]
[WhiteElo "1935"]
[LiveChessVersion "1.4.8"]

1. d4 {[%clk 1:30:57]} Nf6 {[%clk 1:30:41]} 2. c4 {[%clk 1:31:20]} g6
{[%clk 1:31:00]} 3. Nc3 {[%clk 1:31:44]} Bg7 {[%clk 1:31:19]} 4. e4
{[%clk 1:32:07]} d6 {[%clk 1:31:35]} 5. h3 {[%clk 1:32:31]} c6 {[%clk 1:28:40]}
6. Be3 {[%clk 1:32:24]} a6 {[%clk 1:26:54]} 7. Nf3 {[%clk 1:31:00]} b5
{[%clk 1:23:11]} 8. Bd3 {[%clk 1:26:59]} O-O {[%clk 1:21:45]} 9. O-O
{[%clk 1:26:46]} Nbd7 {[%clk 1:16:09]} 10. e5 {[%clk 1:23:31]} dxe5
{[%clk 1:15:20]} 11. dxe5 {[%clk 1:23:40]} Ne8 {[%clk 1:15:13]} 12. Be4
{[%clk 1:15:05]} Qc7 {[%clk 1:07:22]} 13. cxb5 {[%clk 1:12:59]} Nxe5
{[%clk 1:04:46]} 14. Nxe5 {[%clk 1:12:10]} Bxe5 {[%clk 1:04:57]} 15. Bxc6
{[%clk 1:12:08]} Rb8 {[%clk 1:02:58]} 16. Nd5 {[%clk 1:11:48]} Qd6
{[%clk 0:59:19]} 17. Ba7 {[%clk 1:09:45]} Rxb5 {[%clk 0:57:34]} 18. Bxb5
{[%clk 1:09:13]} axb5 {[%clk 0:57:53]} 19. Ne3 {[%clk 1:04:25]} Qc7
{[%clk 0:53:11]} 20. Bd4 {[%clk 1:03:12]} Bd6 {[%clk 0:53:30]} 21. Ng4
{[%clk 1:01:37]} h5 {[%clk 0:48:29]} 22. Ne3 {[%clk 0:58:16]} Bb7
{[%clk 0:47:33]} 23. Rc1 {[%clk 0:57:03]} Qb8 {[%clk 0:46:53]} 24. Qb3
{[%clk 0:53:10]} Nc7 {[%clk 0:43:28]} 25. Bc5 {[%clk 0:48:28]} Bf4
{[%clk 0:38:02]} 26. Bxe7 {[%clk 0:42:36]} Re8 {[%clk 0:38:21]} 27. Bh4
{[%clk 0:40:46]} Ne6 {[%clk 0:35:23]} 28. Rcd1 {[%clk 0:35:52]} Be5
{[%clk 0:26:06]} 29. Bg3 {[%clk 0:33:29]} Nf4 {[%clk 0:18:26]} 30. Bxf4
{[%clk 0:32:14]} Bxf4 {[%clk 0:18:50]} 31. Nd5 {[%clk 0:32:12]} Be5
{[%clk 0:15:22]} 32. Rfe1 {[%clk 0:31:01]} Qd6 {[%clk 0:01:34]} 33. Re3
{[%clk 0:28:05]} Qc6 {[%clk 0:00:56]} 34. f4 {[%clk 0:25:02]} Bd4
{[%clk 0:00:31]} 35. Rxd4 {[%clk 0:24:14]} Rxe3 {[%clk 0:00:40]} 36. Qxe3
{[%clk 0:24:35]} 1-0

[Event "MMM"]
[Site "Galaxy Gesia 22a - Krakow"]
[Date "2022.06.16"]
[Round "2.20"]
[White "Borkowski, Adam"]
[Black "Budkiewicz, Magdalena"]
[Result "1-0"]
[BlackElo "1923"]
[WhiteElo "1707"]
[LiveChessVersion "1.4.8"]

1. d4 {[%clk 1:30:56]} Nf6 {[%clk 1:30:47]} 2. Nf3 {[%clk 1:31:13]} g6
{[%clk 1:31:04]} 3. c4 {[%clk 1:30:18]} Bg7 {[%clk 1:31:16]} 4. g3
{[%clk 1:29:22]} O-O {[%clk 1:30:31]} 5. Bg2 {[%clk 1:29:07]} d6 {[%clk 1:30:36]}
6. O-O {[%clk 1:29:18]} Nbd7 {[%clk 1:30:36]} 7. Nc3 {[%clk 1:25:29]} e5
{[%clk 1:30:17]} 8. dxe5 {[%clk 1:25:17]} dxe5 {[%clk 1:30:26]} 9. Qc2
{[%clk 1:25:21]} c6 {[%clk 1:30:04]} 10. Rd1 {[%clk 1:24:59]} Qc7
{[%clk 1:29:21]} 11. b3 {[%clk 1:21:46]} a6 {[%clk 1:15:39]} 12. Ba3
{[%clk 1:14:28]} c5 {[%clk 1:15:22]} 13. Rac1 {[%clk 1:09:10]} Re8
{[%clk 1:06:22]} 14. e3 {[%clk 1:07:36]} Rb8 {[%clk 1:00:19]} 15. Bb2
{[%clk 0:59:37]} b5 {[%clk 0:58:13]} 16. Nd5 {[%clk 0:56:22]} Qa5
{[%clk 0:52:12]} 17. Bc3 {[%clk 0:53:26]} b4 {[%clk 0:51:43]} 18. Ba1
{[%clk 0:53:37]} Nh5 {[%clk 0:39:56]} 19. e4 {[%clk 0:45:23]} Bh6
{[%clk 0:35:38]} 20. Rb1 {[%clk 0:43:02]} Bg7 {[%clk 0:30:54]} 21. Re1
{[%clk 0:43:02]} Bb7 {[%clk 0:30:39]} 22. Rbd1 {[%clk 0:43:06]} Rbd8
{[%clk 0:29:40]} 23. Bh3 {[%clk 0:33:01]} Nb8 {[%clk 0:26:42]} 24. Bg2
{[%clk 0:24:04]} Nc6 {[%clk 0:26:25]} 25. Kh1 {[%clk 0:23:09]} Bc8
{[%clk 0:20:45]} 26. h3 {[%clk 0:19:22]} Nf6 {[%clk 0:13:08]} 27. Ng1
{[%clk 0:17:30]} Nd7 {[%clk 0:08:30]} 28. Kh2 {[%clk 0:15:41]} Nf8
{[%clk 0:07:39]} 29. Ne2 {[%clk 0:14:06]} Ne6 {[%clk 0:07:35]} 30. Qb1
{[%clk 0:14:25]} Ncd4 {[%clk 0:04:10]} 31. Bxd4 {[%clk 0:14:21]} cxd4
{[%clk 0:03:04]} 32. Nc1 {[%clk 0:14:10]} Nc5 {[%clk 0:03:23]} 33. Nd3
{[%clk 0:14:14]} Nxd3 {[%clk 0:02:18]} 34. Qxd3 {[%clk 0:13:03]} f5
{[%clk 0:01:58]} 35. Re2 {[%clk 0:13:02]} Qc5 {[%clk 0:01:48]} 36. Kh1
{[%clk 0:12:15]} fxe4 {[%clk 0:01:31]} 37. Qxe4 {[%clk 0:12:16]} Bf5
{[%clk 0:01:46]} 38. Qh4 {[%clk 0:12:09]} d3 {[%clk 0:01:41]} 39. Re3
{[%clk 0:11:38]} Qd4 {[%clk 0:00:39]} 40. Ne7+ {[%clk 0:09:52]} Rxe7
{[%clk 0:00:45]} 41. Qxe7 {[%clk 0:10:15]} d2 {[%clk 0:00:35]} 42. Bd5+
{[%clk 0:10:23]} Rxd5 {[%clk 0:01:02]} 43. cxd5 {[%clk 0:09:10]} Qxd5+
{[%clk 0:01:31]} 44. Kh2 {[%clk 0:09:02]} Bc2 {[%clk 0:01:32]} 45. Qe8+
{[%clk 0:09:00]} Bf8 {[%clk 0:02:00]} 46. Rxe5 Qf3 {[%clk 0:02:22]} 47. Rxd2
{[%clk 0:09:05]} Bf5 {[%clk 0:01:27]} 48. Rxf5 Qxf5 {[%clk 0:01:41]} 49. Qd7
{[%clk 0:07:58]} Qf6 {[%clk 0:00:44]} 50. Qd5+ {[%clk 0:08:17]} Qf7
{[%clk 0:00:33]} 51. Kg2 {[%clk 0:07:26]} Qxd5+ {[%clk 0:00:41]} 52. Rxd5
{[%clk 0:07:47]} Bg7 {[%clk 0:01:10]} 53. Ra5 {[%clk 0:08:08]} 1-0

[Event "MMM"]
[Site "Galaxy Gesia 22a - Krakow"]
[Date "2022.06.16"]
[Round "2.21"]
[White "Pietrzak, Tomasz"]
[Black "Rosol, Philip"]
[Result "1-0"]
[BlackElo "1761"]
[WhiteElo "1879"]
[LiveChessVersion "1.4.8"]

1. Nf3 {[%clk 1:30:54]} Nf6 {[%clk 1:30:47]} 2. g3 {[%clk 1:31:16]} d5
{[%clk 1:29:11]} 3. Bg2 {[%clk 1:30:56]} Nbd7 {[%clk 1:27:18]} 4. d4
{[%clk 1:29:58]} e6 {[%clk 1:22:15]} 5. O-O {[%clk 1:30:20]} Bd6 {[%clk 1:21:58]}
6. c4 {[%clk 1:29:01]} c6 {[%clk 1:21:17]} 7. b3 {[%clk 1:27:47]} O-O
{[%clk 1:20:45]} 8. Bb2 {[%clk 1:27:08]} Ne4 {[%clk 1:09:11]} 9. Nbd2
{[%clk 1:24:08]} f5 {[%clk 1:07:54]} 10. e3 {[%clk 1:23:59]} b6 {[%clk 1:07:30]}
11. Rc1 {[%clk 1:19:08]} a5 {[%clk 1:04:20]} 12. Ne5 {[%clk 1:09:38]} Nxe5
{[%clk 1:02:58]} 13. dxe5 {[%clk 1:10:03]} Bc5 {[%clk 1:00:32]} 14. Nxe4
{[%clk 0:54:12]} fxe4 {[%clk 0:59:44]} 15. a3 {[%clk 0:44:47]} Qe7
{[%clk 0:58:13]} 16. Ra1 {[%clk 0:45:13]} Ba6 {[%clk 0:58:01]} 17. Qc1
{[%clk 0:40:28]} Rf7 {[%clk 0:54:06]} 18. Rd1 {[%clk 0:32:59]} Bb7
{[%clk 0:48:46]} 19. Bd4 {[%clk 0:31:29]} Raf8 {[%clk 0:44:37]} 20. Ra2
{[%clk 0:30:32]} a4 {[%clk 0:40:37]} 21. b4 {[%clk 0:30:06]} Bxd4
{[%clk 0:40:53]} 22. exd4 {[%clk 0:30:31]} Ba6 {[%clk 0:32:02]} 23. Bf1
{[%clk 0:28:14]} Rf3 {[%clk 0:28:25]} 24. cxd5 {[%clk 0:23:55]} Bxf1
{[%clk 0:28:38]} 25. d6 {[%clk 0:24:00]} Qf7 {[%clk 0:28:25]} 26. Rxf1
{[%clk 0:24:26]} e3 {[%clk 0:24:09]} 27. Qe1 {[%clk 0:23:51]} h5 {[%clk 0:23:22]}
28. Re2 {[%clk 0:23:44]} h4 {[%clk 0:21:37]} 29. Rxe3 {[%clk 0:24:07]} h3
{[%clk 0:21:19]} 30. Qe2 {[%clk 0:24:17]} Rf5 {[%clk 0:20:51]} 31. Rc3
{[%clk 0:22:01]} Qb7 {[%clk 0:19:59]} 32. Qe4 {[%clk 0:22:02]} Qf7
{[%clk 0:19:26]} 33. f3 {[%clk 0:17:43]} Qg6 {[%clk 0:18:48]} 34. Qxc6
{[%clk 0:17:31]} Rf4 {[%clk 0:17:22]} 35. Qc4 {[%clk 0:16:14]} R4f7
{[%clk 0:12:22]} 36. d5 {[%clk 0:13:34]} Rf4 {[%clk 0:12:02]} 37. Qd3
{[%clk 0:12:20]} Qg5 {[%clk 0:11:53]} 38. dxe6 {[%clk 0:12:16]} Qxe5
{[%clk 0:11:16]} 39. gxf4 {[%clk 0:12:04]} Qxf4 {[%clk 0:11:37]} 40. Rc4
{[%clk 0:09:34]} Qg5+ {[%clk 0:11:11]} 41. Rg4 {[%clk 0:09:59]} Qe5
{[%clk 0:11:18]} 42. e7 {[%clk 0:10:20]} Rc8 {[%clk 0:10:49]} 43. d7
{[%clk 0:10:42]} 1-0

[Event "MMM"]
[Site "Galaxy Gesia 22a - Krakow"]
[Date "2022.06.16"]
[Round "2.22"]
[White "Rainer, Piotr"]
[Black "Cichon, Bartlomiej"]
[Result "0-1"]
[BlackElo "1872"]
[WhiteElo "1671"]
[LiveChessVersion "1.4.8"]

1. e4 {[%clk 1:30:29]} c5 {[%clk 1:30:57]} 2. Nf3 {[%clk 1:30:52]} d6
{[%clk 1:31:24]} 3. d4 {[%clk 1:31:14]} cxd4 {[%clk 1:31:47]} 4. Nxd4
{[%clk 1:31:40]} Nf6 {[%clk 1:32:13]} 5. Nc3 {[%clk 1:31:57]} a6 {[%clk 1:32:38]}
6. a4 {[%clk 1:26:59]} e5 {[%clk 1:32:54]} 7. Nf3 {[%clk 1:27:23]} h6
{[%clk 1:33:18]} 8. Bc4 {[%clk 1:27:19]} Be6 {[%clk 1:33:44]} 9. Bb3
{[%clk 1:27:41]} Qc7 {[%clk 1:28:19]} 10. O-O {[%clk 1:25:34]} Be7
{[%clk 1:19:36]} 11. Be3 {[%clk 1:23:22]} Nbd7 {[%clk 1:15:26]} 12. h3
{[%clk 1:16:37]} Rc8 {[%clk 1:11:35]} 13. Nd2 {[%clk 1:08:41]} O-O
{[%clk 1:06:48]} 14. a5 {[%clk 1:06:23]} Nc5 {[%clk 1:03:57]} 15. Qe2
{[%clk 1:02:47]} Qc6 {[%clk 1:00:08]} 16. Rfe1 {[%clk 0:57:45]} Rfd8
{[%clk 0:47:10]} 17. Na4 {[%clk 0:53:19]} Nfxe4 {[%clk 0:25:01]} 18. Nxe4
{[%clk 0:53:07]} Nxb3 {[%clk 0:16:18]} 19. Nxd6 {[%clk 0:46:41]} Nxa1
{[%clk 0:11:07]} 20. Nxc8 {[%clk 0:46:50]} Rxc8 {[%clk 0:11:23]} 21. Rxa1
{[%clk 0:46:54]} Qxc2 {[%clk 0:11:33]} 22. Qe1 {[%clk 0:41:58]} Qe4
{[%clk 0:10:47]} 23. f3 {[%clk 0:38:36]} Qb4 {[%clk 0:09:39]} 24. Bd2
{[%clk 0:37:37]} Qd6 {[%clk 0:07:06]} 25. Bc3 {[%clk 0:37:01]} f6
{[%clk 0:06:48]} 26. Nb6 {[%clk 0:32:56]} Re8 {[%clk 0:06:10]} 27. Qe4
{[%clk 0:29:58]} Rb8 {[%clk 0:03:53]} 28. Re1 {[%clk 0:27:06]} Bd8
{[%clk 0:03:04]} 29. f4 {[%clk 0:22:36]} Bxb6+ {[%clk 0:02:54]} 30. axb6
{[%clk 0:21:53]} Qxb6+ {[%clk 0:01:39]} 31. Kh1 {[%clk 0:22:03]} Rd8
{[%clk 0:01:01]} 32. fxe5 {[%clk 0:21:22]} f5 {[%clk 0:01:23]} 33. Qh4
{[%clk 0:19:27]} Rd5 {[%clk 0:01:00]} 34. Rf1 {[%clk 0:17:55]} Qc7
{[%clk 0:00:53]} 35. Qh5 {[%clk 0:14:58]} Qf7 {[%clk 0:00:35]} 36. Qh4
{[%clk 0:13:20]} Kh7 {[%clk 0:00:48]} 37. g4 {[%clk 0:09:39]} g5 {[%clk 0:01:04]}
38. Qf2 {[%clk 0:08:36]} f4 {[%clk 0:01:28]} 39. Kh2 {[%clk 0:08:05]} Qd7
{[%clk 0:01:01]} 40. Qf3 {[%clk 0:07:27]} Qd8 {[%clk 0:00:43]} 41. h4
{[%clk 0:02:25]} Kg7 {[%clk 0:00:34]} 42. Rh1 {[%clk 0:00:58]} Qd7
{[%clk 0:00:31]} 43. hxg5 {[%clk 0:00:51]} hxg5 {[%clk 0:00:53]} 44. Kg1
{[%clk 0:00:36]} Rd1+ {[%clk 0:00:51]} 45. Kf2 {[%clk 0:00:45]} Rxh1
{[%clk 0:00:52]} 46. Qxh1 {[%clk 0:01:05]} Qb5 {[%clk 0:00:33]} 47. Qe4
{[%clk 0:00:39]} Qc5+ {[%clk 0:00:37]} 48. Ke1 {[%clk 0:00:34]} Qg1+
{[%clk 0:00:44]} 49. Kd2 {[%clk 0:00:36]} Qf2+ {[%clk 0:00:54]} 50. Kc1
{[%clk 0:00:37]} Qf1+ {[%clk 0:01:15]} 51. Qe1 {[%clk 0:01:02]} Qxe1+
{[%clk 0:01:38]} 52. Bxe1 {[%clk 0:01:27]} Bxg4 {[%clk 0:02:04]} 53. Ba5
{[%clk 0:01:12]} Bf3 {[%clk 0:02:10]} 54. Bd8 {[%clk 0:01:01]} Kg6
{[%clk 0:02:28]} 55. e6 {[%clk 0:00:45]} g4 {[%clk 0:02:39]} 56. Bc7
{[%clk 0:00:35]} Kf5 {[%clk 0:03:00]} 57. e7 {[%clk 0:01:02]} Bc6
{[%clk 0:03:25]} 58. Kd2 {[%clk 0:01:27]} g3 {[%clk 0:01:45]} 59. Ke1
{[%clk 0:01:06]} Bb5 {[%clk 0:01:55]} 60. Bb6 {[%clk 0:01:17]} f3
{[%clk 0:01:48]} 61. Bc5 {[%clk 0:00:39]} Ke6 {[%clk 0:01:13]} 0-1

[Event "MMM"]
[Site "Galaxy Gesia 22a - Krakow"]
[Date "2022.06.16"]
[Round "2.23"]
[White "Smykalo, Severyn"]
[Black "Bukala, Weronika"]
[Result "1-0"]
[BlackElo "1747"]
[WhiteElo "1870"]
[LiveChessVersion "1.4.8"]

1. d4 {[%clk 1:30:56]} Nf6 {[%clk 1:30:22]} 2. c4 {[%clk 1:31:16]} e6
{[%clk 1:30:46]} 3. Nc3 {[%clk 1:31:40]} Bb4 {[%clk 1:31:10]} 4. Qc2
{[%clk 1:31:59]} c5 {[%clk 1:30:02]} 5. dxc5 {[%clk 1:31:12]} Bxc5
{[%clk 1:28:54]} 6. Nf3 {[%clk 1:30:18]} O-O {[%clk 1:27:22]} 7. e3
{[%clk 1:29:58]} d5 {[%clk 1:23:18]} 8. Bd2 {[%clk 1:28:37]} Nc6 {[%clk 1:20:49]}
9. cxd5 {[%clk 1:23:37]} exd5 {[%clk 1:15:27]} 10. Be2 {[%clk 1:17:16]} d4
{[%clk 1:12:44]} 11. exd4 {[%clk 1:16:00]} Bxd4 {[%clk 1:08:55]} 12. O-O
{[%clk 1:14:26]} Bg4 {[%clk 1:04:30]} 13. Rad1 {[%clk 1:13:35]} Qc8
{[%clk 1:02:34]} 14. Nb5 {[%clk 1:11:53]} Bb6 {[%clk 0:54:21]} 15. Bc3
{[%clk 1:07:37]} Qe6 {[%clk 0:46:11]} 16. Rd6 {[%clk 1:04:21]} Qe7
{[%clk 0:36:30]} 17. Bxf6 {[%clk 0:58:14]} gxf6 {[%clk 0:36:57]} 18. h3
{[%clk 0:57:38]} Bxf3 {[%clk 0:36:00]} 19. Bxf3 {[%clk 0:57:07]} Qe5
{[%clk 0:28:15]} 20. Rd5 {[%clk 0:55:50]} Qg3 {[%clk 0:26:21]} 21. Kh1
{[%clk 0:51:10]} Qg7 {[%clk 0:25:29]} 22. Rh5 {[%clk 0:51:08]} Qg6
{[%clk 0:24:55]} 23. Qa4 {[%clk 0:49:49]} a6 {[%clk 0:19:07]} 24. Qh4
{[%clk 0:49:38]} Rfe8 {[%clk 0:18:15]} 25. Nd6 {[%clk 0:48:01]} Re5
{[%clk 0:13:17]} 26. Rh6 {[%clk 0:48:14]} Qg7 {[%clk 0:11:19]} 27. Be4
{[%clk 0:47:06]} Qg5 {[%clk 0:10:29]} 28. Qxg5+ {[%clk 0:42:42]} fxg5
{[%clk 0:10:36]} 29. Bxc6 {[%clk 0:42:14]} bxc6 {[%clk 0:10:19]} 30. Nc4
{[%clk 0:42:36]} Rb5 {[%clk 0:10:05]} 31. Rxc6 {[%clk 0:43:00]} Bd4
{[%clk 0:09:08]} 32. b3 {[%clk 0:43:18]} a5 {[%clk 0:08:36]} 33. f4
{[%clk 0:43:11]} a4 {[%clk 0:07:28]} 34. Nd6 {[%clk 0:42:27]} Rc5
{[%clk 0:06:11]} 35. Rxc5 {[%clk 0:42:36]} Bxc5 {[%clk 0:06:40]} 36. Ne4
{[%clk 0:42:47]} Be7 {[%clk 0:06:52]} 37. Nxg5 {[%clk 0:42:49]} axb3
{[%clk 0:06:48]} 38. axb3 {[%clk 0:43:18]} Rb8 {[%clk 0:05:26]} 39. Rb1
{[%clk 0:43:16]} Rb4 {[%clk 0:04:21]} 40. g3 {[%clk 0:43:38]} Rd4
{[%clk 0:02:41]} 41. Nf3 {[%clk 0:43:40]} Rd3 {[%clk 0:03:04]} 42. Kg2
{[%clk 0:44:01]} Bb4 {[%clk 0:03:15]} 43. Ne5 {[%clk 0:43:54]} Rc3
{[%clk 0:03:10]} 44. Nc4 {[%clk 0:43:05]} Bc5 {[%clk 0:02:30]} 45. Rb2
{[%clk 0:42:42]} Kg7 {[%clk 0:02:01]} 46. Ne5 {[%clk 0:41:50]} Bb4
{[%clk 0:01:00]} 47. Ra2 {[%clk 0:42:03]} Bd6 {[%clk 0:00:38]} 48. Ra7
{[%clk 0:39:54]} Bxe5 {[%clk 0:00:56]} 49. fxe5 {[%clk 0:40:22]} Re3
{[%clk 0:00:50]} 50. Re7 {[%clk 0:40:32]} Kf8 {[%clk 0:00:49]} 51. Rb7
{[%clk 0:41:00]} Rxe5 {[%clk 0:01:07]} 52. Kf3 {[%clk 0:41:15]} Kg7
{[%clk 0:01:07]} 53. b4 {[%clk 0:41:36]} Re1 {[%clk 0:01:22]} 54. b5
{[%clk 0:41:51]} Rb1 {[%clk 0:01:38]} 55. h4 {[%clk 0:41:26]} Rb3+
{[%clk 0:01:44]} 56. Kf4 {[%clk 0:41:44]} Kg6 {[%clk 0:01:06]} 57. Rb8
{[%clk 0:41:16]} Rb4+ {[%clk 0:01:22]} 58. Ke5 {[%clk 0:41:41]} Kg7
{[%clk 0:00:42]} 59. b6 {[%clk 0:41:49]} Rb3 {[%clk 0:00:43]} 60. Kd6
{[%clk 0:41:41]} Rxg3 {[%clk 0:00:51]} 61. Rc8 {[%clk 0:42:01]} Rb3
{[%clk 0:00:43]} 62. Kc7 {[%clk 0:42:23]} Rc3+ {[%clk 0:00:55]} 63. Kb8
{[%clk 0:42:39]} Rb3 {[%clk 0:01:02]} 64. b7 {[%clk 0:43:04]} Rb4
{[%clk 0:00:42]} 65. Kc7 {[%clk 0:43:29]} Rc4+ {[%clk 0:00:52]} 66. Kd6
{[%clk 0:43:49]} 1-0

[Event "MMM"]
[Site "Galaxy Gesia 22a - Krakow"]
[Date "2022.06.16"]
[Round "2.24"]
[White "Smietanska, Wiktoria"]
[Black "Rylski, Tadeusz"]
[Result "1-0"]
[BlackElo "1715"]
[WhiteElo "1868"]
[LiveChessVersion "1.4.8"]

1. c4 {[%clk 1:30:58]} e5 {[%clk 1:30:53]} 2. Nc3 {[%clk 1:31:13]} Nc6
{[%clk 1:31:18]} 3. Nf3 {[%clk 1:31:28]} g6 {[%clk 1:31:40]} 4. d4
{[%clk 1:31:48]} exd4 {[%clk 1:27:20]} 5. Nxd4 {[%clk 1:32:06]} Bg7
{[%clk 1:27:20]} 6. Nxc6 {[%clk 1:30:34]} bxc6 {[%clk 1:27:05]} 7. g3
{[%clk 1:28:48]} Ne7 {[%clk 1:23:01]} 8. Bg2 {[%clk 1:28:47]} O-O
{[%clk 1:22:24]} 9. O-O {[%clk 1:27:33]} Bb7 {[%clk 1:19:42]} 10. Bf4
{[%clk 1:21:56]} d5 {[%clk 1:16:49]} 11. Qd2 {[%clk 1:13:14]} Qd7
{[%clk 1:12:05]} 12. Rfd1 {[%clk 1:08:16]} Rad8 {[%clk 1:10:59]} 13. Rac1
{[%clk 1:03:21]} d4 {[%clk 1:07:09]} 14. Ne4 {[%clk 1:02:41]} Nf5
{[%clk 1:04:09]} 15. Nc5 {[%clk 0:58:24]} Qc8 {[%clk 1:04:26]} 16. Qa5
{[%clk 0:57:54]} Nd6 {[%clk 0:55:42]} 17. Qxa7 {[%clk 0:56:14]} Ba8
{[%clk 0:55:52]} 18. Na6 {[%clk 0:52:06]} Bb7 {[%clk 0:50:30]} 19. Nb4
{[%clk 0:49:19]} Qd7 {[%clk 0:31:40]} 20. Qc5 {[%clk 0:46:50]} Rfe8
{[%clk 0:29:20]} 21. Nxc6 {[%clk 0:45:49]} Ra8 {[%clk 0:29:33]} 22. Nxd4
{[%clk 0:44:53]} Bxg2 {[%clk 0:27:26]} 23. Kxg2 {[%clk 0:44:59]} Rxa2
{[%clk 0:27:30]} 24. Nb5 {[%clk 0:43:36]} Rxe2 {[%clk 0:23:26]} 25. Nxc7
{[%clk 0:38:31]} Raxb2 {[%clk 0:23:10]} 26. Bxd6 {[%clk 0:35:00]} Rxf2+
{[%clk 0:21:05]} 27. Qxf2 {[%clk 0:35:13]} Qf5 {[%clk 0:21:19]} 1-0